Le associazioni nella chiesa
Gorde:
| Formatua: | Liburua |
|---|---|
| Hizkuntza: | italiera |
| Argitaratua: |
Ciudad del Vaticano
Libreria Editrice
1998
|
| Saila: | Studi Giuridici, 51
|
| Gaiak: | |
| Etiketak: |
Etiketa erantsi
Etiketarik gabe, Izan zaitez lehena erregistro honi etiketa jartzen!
|
MARC
| LEADER | 00000nam a2200000 a 4500 | ||
|---|---|---|---|
| 001 | UCM9297 | ||
| 003 | CL-VaPUC | ||
| 008 | 030417e19980000VC |||||||||||||||||ita|d | ||
| 082 | 0 | 4 | |a 262.9 |b ASS |2 21 |
| 245 | 1 | 3 | |a Le associazioni nella chiesa |
| 300 | |a 146 p | ||
| 942 | |c BK | ||
| 945 | |d 20030417 00:00:00 |a cmena | ||
| 260 | |a Ciudad del Vaticano |b Libreria Editrice |c 1998 | ||
| 650 | 7 | |a DERECHO CANONICO |2 CL-VaPUC |9 475748 | |
| 650 | 0 | |a Asociaciones católicas |9 475749 | |
| 650 | 0 | |a Derecho eclesiástico |9 255055 | |
| 583 | |a last modification |c 20030417 00:00:00 |k Rodrigo Vera | ||
| 490 | 0 | |a Studi Giuridici, 51 | |
| 999 | |c 303618 |d 303616 | ||
| 952 | |0 0 |1 0 |4 0 |6 262_900000000000000_ASS_1998 |7 0 |8 A |9 365080 |a BIBDER |b BIBDER |d 2019-11-21 |i 3897494 |l 2 |m 1 |o 262.9 ASS 1998 |p 3897494 |r 2023-01-25 |s 2021-09-03 |w 2019-11-21 |y BK |k DER | ||